000 01401cam a2200217 4500
008 050214n2004 000 0 eng u
020 _a0755719999
035 _a(Sirsi) u128778
041 _aeng
100 _aNorris, Michelle
245 _aRegular national report on housing developments in European countries
_bsynthesis report
260 _aDublin
_bStationery Office
_c2004
520 _aThis updated report on recent housing developments across Europe was prepared by Ireland to mark its presidency of the EU. It was presented in November 2004. It examines the context for housing policy-making, housing stock and economic and demographic trends of all 25 members of the enlarged EU as well as Bulgaria, Romania and Turkey, the three 2004 applicant states. Further sections cover housing policy developments including legislative change, housing quality regulation and outcomes such as supply, demand, costs and public investment. Tables and figures. Glossary of abbreviations.
650 _aHOUSING DEVELOPMENTS
650 _aHOUSING POLICY
650 _aEUROPE
650 _aLEGISLATION
700 _aShiel, Patrick
856 _uhttps://www.environ.ie/DOEI%5CDOEIPol.nsf/0/7a32c480a1af4f1e80256b57004f91c5/$FILE/EU%20Housing%20Report-complete%20pdf.pdf
_zView the report (pdf) on the Dpeartment of the Environment, Heritage and Local Government (Ireland) website...
942 _n0
999 _c104013
_d104013